Heat flux measurement : proceedings of the 2nd Workshop /

Bibliographic Details
Corporate Authors: IMEKO TC12, International Measurement Confederation. Technical Committee on Temperature and Thermal Measurement
Other Authors: Havrilla, K., Kovács, T.
Format: Book
Language:English
Published: Budapest : Omikk-Technoinform, 1986.
Series:IMEKO TC series ; no. 9.
Subjects:

MARC

Tag First Indicator Second Indicator Subfields
LEADER 00000cam a2200000 a 4500
001 in00000762321
005 20151017052458.0
008 880215s1986 hu a b 10100 eng d
010 |a  92207151  
020 |a 9635925786 
035 |a (OCoLC)17474505 
035 |9 ADL0473AM 
040 |a DLC  |c DLC  |d TXA  |d UtOrBLW 
049 |a TXAM  |c [A11769216] 
050 0 0 |a TJ260  |b .H387 1968 
082 0 0 |a 621.402/2  |2 20 
090 |a TJ260  |b .H387 1986 
245 0 0 |a Heat flux measurement :  |b proceedings of the 2nd Workshop /  |c editors: K. Havrilla, T. Kovács. 
264 1 |a Budapest :  |b Omikk-Technoinform,  |c 1986. 
300 |a 166 pages :  |b illustrations ;  |c 24 cm. 
336 |a text  |b txt  |2 rdacontent 
337 |a unmediated  |b n  |2 rdamedia 
338 |a volume  |b nc  |2 rdacarrier 
490 1 |a ITC series ;  |v no. 9 
500 |a On cover: "Heat Flux Measurement: April 23-25 1986, Budapest, Hungary: Workshop Proceedings." 
500 |a "The 2nd Workshop was sponsored by the TC in cooperation with the National Office of Measures (OMH), Budapest [et.al.]"--verso t. p. 
504 |a Includes bibliographies and author index. 
650 0 |a Heat  |x Transmission  |x Measurement  |x Congresses. 
700 1 |a Havrilla, K. 
700 1 |a Kovács, T. 
710 2 |a IMEKO TC12. 
710 2 |a International Measurement Confederation.  |b Technical Committee on Temperature and Thermal Measurement. 
830 0 |a IMEKO TC series ;  |v no. 9. 
999 |a MARS 
999 f f |s 87170e15-e960-3a1e-ad35-ef9c0a426067  |i d78ef608-cd54-3cb4-baac-0f59cc3c9ace  |t 0 
952 f f |p ric  |a Texas A&M University  |b Rellis Campus  |c Joint Library Facility  |d Remote Storage  |t 0  |e QC320 .H32 1986  |h Library of Congress classification  |i unmediated -- volume  |m A14811769216 
998 f f |a QC320 .H32 1986  |t 0  |l Remote Storage